Subdivision capitals closest to Gjakova/Đakovica - Statistics

General Stats
  • This quiz has been taken 8 times
  • The average score is 8 of 21
Answer Stats
Distance (km) Answer % Correct
11 67 Priština/Prishtina
100%
20 93 Skopje
75%
16 86 Gjilan/Gnjilane
50%
10 67 Mitrovica/Kosovska Mitrovica
50%
2 33 Peja/Peć
50%
14 78 Peshkopi
50%
1 32 Prizren
50%
15 83 Shkodër
50%
9 65 Andrijevica
25%
12 68 Berane
25%
18 91 Bijelo Polje
25%
7 59 Ferizaj/Uroševac
25%
5 53 Gusinje
25%
17 89 Kolašin
25%
3 34 Kukës
25%
20 93 Lezhë
25%
13 70 Petnjica
25%
4 46 Plav
25%
6 55 Rožaje
25%
8 61 Tetovo
25%
19 91 Tuzi
25%
No matching quizzes found
Score Distribution
Percent of People with Each Score
Percentile by Number Answered
Your Score History
You have not taken this quiz